| 000 | 00458nam a2200169 a 4500 | ||
|---|---|---|---|
| 005 | 20140310183225.0 | ||
| 008 | 040311s19uu xx 00 eng d | ||
| 020 | _a0002232286 | ||
| 050 |
_aPZ 7 _b.D526 1987 |
||
| 100 | _aDexter, Susan | ||
| 245 |
_aThe Winter King's war : _bthe mountains of channadran / _cSusan Dexter. |
||
| 260 |
_aLondon : _bCollins, _c1987. |
||
| 300 |
_a367 p. : _c20cm. |
||
| 650 | _aFiction | ||
| 942 |
_cBK _2lcc |
||
| 999 |
_c20397 _d20397 |
||